000 00484nam a2200169 4500
020 _a978-607-15-0743-3
050 _aQC311 C4618 2012
082 _a536.7 C395t 2012
100 _aCengel, Yunus A.
245 _aTermodin mica / Yunus A. Cengel Michael A. Boles
250 _a4 / 7 Ingles
260 _aMéxico: McGraw-Hill
300 _axxv, 1009 p. / 27 cm.
500 _aIncluye: ap‚ndice, tablas
650 _a1. TERMODINÁMICA
700 _aI. Boles, Michael A., Coaut.
999 _c27732
_d27732